The effect of tactile internet in education and lifelong learning : μεταπτυχιακή εργασία
Οι επικοινωνίες δεδομένων κινητής τηλεφωνίας είναι πανταχού παρούσες. Το Mobile Internet συνδέει τους ανθρώπους οπουδήποτε και επιτρέπει τη δυνατότητα φωνής, δεδομένων και περιεχομένου εμπλουτισμένου με πολυμέσα ανά πάσα στιγμή. Διαπιστώνουμε πολυάριθμες καινοτομίες στον τομέα των ΤΠΕ όσον αφορά την...
Αποθηκεύτηκε σε:
| Κύριος συγγραφέας: | |
|---|---|
| Συγγραφή απο Οργανισμό/Αρχή: | |
| Μορφή: | Thesis Βιβλίο |
| Γλώσσα: | English |
| Δημοσίευση: |
2017
|
| Θέματα: | |
| Διαθέσιμο Online: | http://hdl.handle.net/11610/18641 |
| Ετικέτες: |
Προσθήκη ετικέτας
Δεν υπάρχουν, Καταχωρήστε ετικέτα πρώτοι!
|
MARC
| LEADER | 00000cam a2200000 a 4500 | ||
|---|---|---|---|
| 001 | 1/121734 | ||
| 008 | 200715s2017####gr | ||| |||| ||eng|| | ||
| 040 | |a GR-MyUa |b gre |c GR-MyUa |e AACR2 | ||
| 041 | 0 | |a eng | |
| 082 | 7 | |a 004.678 |2 (23) | |
| 100 | 1 | |a Συνοπίδης, Ευριπίδης. | |
| 245 | 1 | 0 | |a The effect of tactile internet in education and lifelong learning : |b μεταπτυχιακή εργασία / |c Sinopides K. Euripides ; επιβλέποντες καθηγητές C. Skianis, D. Skoutas. |
| 260 | |c 2017 | ||
| 300 | |a xiii, 100 σ. : |b εικ. ; |c 30 εκ. | ||
| 500 | |a Μέλη της εξεταστικής επιτροπής: Σκιάνης Χαράλαμπος, Βουγιούκας Δημοσθένης, Κορμέντζας Γεώργιος. | ||
| 502 | |a Διατριβή (μεταπτυχιακή) Πανεπιστήμιο Αιγαίου, Σάμος 2017. | ||
| 504 | |a Βιβλιογραφία: σ. 85-100. | ||
| 506 | 0 | |a Διάθεση πλήρους κειμένου - Ελεύθερη πρόσβαση. | |
| 520 | 8 | |a Οι επικοινωνίες δεδομένων κινητής τηλεφωνίας είναι πανταχού παρούσες. Το Mobile Internet συνδέει τους ανθρώπους οπουδήποτε και επιτρέπει τη δυνατότητα φωνής, δεδομένων και περιεχομένου εμπλουτισμένου με πολυμέσα ανά πάσα στιγμή. Διαπιστώνουμε πολυάριθμες καινοτομίες στον τομέα των ΤΠΕ όσον αφορά την εκθετική ανάπτυξη της χωρητικότητας του δικτύου, με αποτέλεσμα την εμφάνιση των smartphones και την εμπειρία των χρηστών που είναι πλούσια σε πολυμέσα. Οι επικοινωνίες δεδομένων χωρίς την ανθρώπινη παρέμβαση (Internet Of Things) συνδέουν συσκευές ή αντικείμενα για να αυξήσουν την αποδοτικότητά τους αξιοποιώντας τις δυνατότητες δικτύωσης. Το επόμενο βήμα της καινοτομίας είναι η υλοποίηση του Tactile Internet, που επίσης αναφέρεται ως το Internet "touch". Βασικός στόχος του είναι να είναι σε θέση να μεταδώσει την επαφή σε πραγματικό χρόνο. Ένα πολύ χαμηλό λανθάνοντα χρόνο μετ 'επιστροφής σε συνδυασμό με εξαιρετικά υψηλή αξιοπιστία και ουσιαστικά εγγυημένη διαθεσιμότητα ανά πάσα στιγμή για τον έλεγχο των επικοινωνιών έχει επίσης τη δυνατότητα να μετακινήσει τη σημερινή εμπειρία κινητής ευρυζωνικότητας στον νέο κόσμο του Tactile Internet. | |
| 540 | |a Κλειδωμένη η δυνατότητα αντιγραφής (copy) του κειμένου. | ||
| 650 | 0 | |a Dissertations, Academic |z Greece. | |
| 650 | 0 | |a Mobile communication systems. | |
| 650 | 0 | |a Wireless Internet. | |
| 700 | 1 | |a Σκιάνης, Χαράλαμπος, |e dgs | |
| 700 | 1 | |a Σκούτας, Δημήτριος, |e dgs | |
| 710 | 2 | |a Πανεπιστήμιο Αιγαίου. |b Σχολή Θετικών Επιστημών. |b Τμήμα Μηχανικών Πληροφοριακών και Επικοινωνιακών Συστημάτων. |b Π.Μ.Σ. Διδακτική Πληροφορικής και Επικοινωνιών. | |
| 852 | |a INST |b SAMOS |c DIATR |e 20200715 |h 004.678 ΣΥΝ |p 005300046570 |q 005300046570 |t MTXE |y 23 | ||
| 856 | |u http://hdl.handle.net/11610/18641 | ||
| 920 | |a Συνοπίδης |b Ευριπίδης |y Σάμος |z 2017-05 | ||
| 970 | |a Κοσιέρης |b Χρήστος |z 15-07-2020 | ||